000 00483nam a22001817a 4500
003 CEME
005 20210628202137.0
008 210225b xxu||||| |||| 00| 0 eng d
020 _a1-84277-167-1
040 _c.
082 _a958.1 MAR
100 _aMarsden, Peter
_958436
245 _aThe taliban, war and religion in afghanistan
260 _aNEW YORK
_bZED BOOKS
_c2002
300 _aXIII,162P
650 _aTALIBAN MUJAHIDIN TALIBAN AND PAKISTAN
_958437
942 _cBK
_2ddc
999 _c568638
_d568638